El grillo, el osos y el nino en el bano = (Record no. 18991)

MARC details
000 -LEADER
fixed length control field 01388ctm a2200385u 4500
001 - CONTROL NUMBER
control field sjdsz9mscp b2092330
003 - CONTROL NUMBER IDENTIFIER
control field sjds
005 - DATE AND TIME OF LATEST TRANSACTION
control field 20171023134735.0
007 - PHYSICAL DESCRIPTION FIXED FIELD--GENERAL INFORMATION
fixed length control field ta
008 - FIXED-LENGTH DATA ELEMENTS--GENERAL INFORMATION
fixed length control field 011106s1997 001 0 eng u
020 ## - INTERNATIONAL STANDARD BOOK NUMBER
International Standard Book Number 0439317304 (pbk.)
020 ## - INTERNATIONAL STANDARD BOOK NUMBER
International Standard Book Number 9780439317306 (pbk.)
040 ## - CATALOGING SOURCE
Transcribing agency sjds
041 ## - LANGUAGE CODE
Language code of text/sound track or separate title spa
-- eng
100 1# - MAIN ENTRY--PERSONAL NAME
Personal name McPhail, David,
Dates associated with a name 1940-
Authority record control number http://id.loc.gov/authorities/names/n79065137.
245 10 - TITLE STATEMENT
Title El grillo, el osos y el nino en el bano =
Remainder of title A bug, a bear and a boy and the bath /
Statement of responsibility, etc. por David McPhail
246 ## - VARYING FORM OF TITLE
Title proper/short title en el bano
246 ## - VARYING FORM OF TITLE
Title proper/short title A bug, a bear and a boy and the bath
246 ## - VARYING FORM OF TITLE
Remainder of title And the bath
260 ## - PUBLICATION, DISTRIBUTION, ETC. (IMPRINT)
Place of publication, distribution, etc. New York :
Name of publisher, distributor, etc. Scholastic Inc.,
Date of publication, distribution, etc. c2001..
264 #0 - PRODUCTION, PUBLICATION, DISTRIBUTION, MANUFACTURE, AND COPYRIGHT NOTICE
Place of production, publication, distribution, manufacture NY. NY. :
Name of producer, publisher, distributor, manufacturer Scholastic Inc.,
Date of production, publication, distribution, manufacture, or copyright notice c2001.
300 ## - PHYSICAL DESCRIPTION
Extent 1 volume (unpaged):
Other physical details color illustrations
Dimensions 14 cm
336 ## - CONTENT TYPE
Content type term text
Content type code txt
Source rdacontent.
337 ## - MEDIA TYPE
Media type term unmediated
Media type code n
Source rdamedia.
338 ## - CARRIER TYPE
Carrier type term volume
Carrier type code nc
Source rdacarrier.
500 ## - GENERAL NOTE
General note Bilingual - each language has a cover and 8 pages bound upside down to each other
505 0# - FORMATTED CONTENTS NOTE
Formatted contents note Bilingual.
520 ## - SUMMARY, ETC.
Summary, etc. Three friends learn, love, and play together.
650 #0 - SUBJECT ADDED ENTRY--TOPICAL TERM
Topical term or geographic name as entry element Children's Stories, Bilingual.
650 #0 - SUBJECT ADDED ENTRY--TOPICAL TERM
Topical term or geographic name as entry element Friendship
Form subdivision Juvenile fiction
650 #0 - SUBJECT ADDED ENTRY--TOPICAL TERM
Topical term or geographic name as entry element Bears
Form subdivision Juvenile fiction
650 #0 - SUBJECT ADDED ENTRY--TOPICAL TERM
Topical term or geographic name as entry element Insects
Form subdivision Juvenile fiction.
650 #0 - SUBJECT ADDED ENTRY--TOPICAL TERM
Topical term or geographic name as entry element Spanish language.
Authority record control number http://id.loc.gov/authorities/subjects/sh85126261.
942 ## - ADDED ENTRY ELEMENTS (KOHA)
Koha item type Libro/Book
Holdings
Withdrawn status Lost status Damaged status Not for loan Home library Current library Date acquired Inventory number Total Checkouts Full call number Barcode Date last seen Price effective from Koha item type
        Las Pampas -- Satellite Las Pampas -- Satellite 23/10/2017 inventory date: 17-1-25   JI 35701604 23/10/2017 23/10/2017 Libro/Book

Powered by Koha